000 01093nam a22003014c 4500
003 AR-BaSMT
008 240627t2021 enka|||ar|||| 000 1 ing d
020 _a9781474990141
040 _aBSGB
_bespañol
_erda
041 0 _aing
_hInglés
080 _a82-34
100 1 _aCowan, Laura
_9483
245 1 4 _aThe Baobab Tree
264 _aLondres :
_bUsborne,
_c2021
300 _a24 páginas ;
_bilustraciones color
336 _2rdacontent
_atexto
_btxt
337 _2rdamedia
_asin mediación
_bn
338 _2rdacarrier
_avolumen
_bnc
490 _aUsborne English Readers Starter Level
500 _aWith activities and free audio
520 _aLong ago, the gods created the Baobab tree... and the Baobab tree was not happy. It didn't like the weather, it resented the birds and animals and envied the other trees. Finally the gods tired of its constant complaints and took drastic action.
521 _aPrimaria
650 7 _98
_aLITERATURA INFANTIL
_vInglés
650 7 _923
_aCUENTO
700 1 _aLópez, Jesús
_eIlustrador
_9487
942 _2ddc
_aBOOK
999 _c650
_d650